000 00619nam a22001817a 4500
005 20251108164344.0
008 250721s1996 xx 000 0 ara d
082 1 4 _a693.834/عبي
100 1 _aعبيد، هاني
245 1 0 _aالصوتيات للمهندسين المعماريين :
_bالتصميم الصوتي للمباني و القاعات /
264 1 _aعمان :
_bدار الفارس للنشر و التوزيع،
_c1996.
300 _a160ص
650 1 7 _aالبناء
650 1 7 _aعلم الصوت المعماري
650 1 7 _aالعزل الصوتي
942 _2ddc
_cBK
999 _c10115
_d10115